000 004550000a22001810004500
003 MACL
005 20150923154155.0
008 150923b xxu||||| |||| 00| 0 eng d
040 _aMACL
_cMACL
041 _aEnglish
082 _a891/THA
100 _aThaker, Dhirubhai
_912464
245 _aManilal Dvivedi
_bMakers of Indian Literature
260 _bSahitya Akademi
_c1983
_aDelhi
350 _a4
650 _aLiterature
_912465
942 _cBK
_k891
_2ddc
999 _c5378
_d5378